000 00251nam a22001097a 4500
008 170123b xxu||||| |||| 00| 0 eng d
020 _a9780323033664
041 _aeng
080 _27TH
_a618.2
245 _aMATERNITY NURSING
_cPERRY, L
942 _2udc
_cBK
999 _c3383
_d3383